<?xml version="1.0" encoding="UTF-8"?>
<marc:record xmlns:marc="http://www.loc.gov/MARC21/slim">
   <marc:leader>00000nam a2200000 a 4500</marc:leader>
   <marc:datafield ind1="1" ind2=" " tag="100">
      <marc:subfield code="a">Streeck-Fischer, Annette</marc:subfield>
      <marc:subfield code="4">aut</marc:subfield>
      <marc:subfield code="e">Verfasser/-in</marc:subfield>
   </marc:datafield>
   <marc:datafield ind1=" " ind2=" " tag="653">
      <marc:subfield code="a">Kind</marc:subfield>
   </marc:datafield>
   <marc:datafield ind1=" " ind2=" " tag="653">
      <marc:subfield code="a">Psychisches Trauma</marc:subfield>
   </marc:datafield>
   <marc:datafield ind1=" " ind2=" " tag="653">
      <marc:subfield code="a">Heranwachsender</marc:subfield>
   </marc:datafield>
   <marc:datafield ind1=" " ind2=" " tag="653">
      <marc:subfield code="a">Psychische Störung</marc:subfield>
   </marc:datafield>
   <marc:datafield ind1=" " ind2=" " tag="653">
      <marc:subfield code="a">Sekundärkrankheit</marc:subfield>
   </marc:datafield>
   <marc:datafield ind1=" " ind2=" " tag="653">
      <marc:subfield code="a">Psychopathologie</marc:subfield>
   </marc:datafield>
   <marc:datafield ind1=" " ind2=" " tag="653">
      <marc:subfield code="a">Traumatische Neurose</marc:subfield>
   </marc:datafield>
   <marc:datafield ind1=" " ind2=" " tag="653">
      <marc:subfield code="a">Posttraumatisches Stresssyndrom</marc:subfield>
   </marc:datafield>
   <marc:datafield ind1=" " ind2=" " tag="653">
      <marc:subfield code="a">Komplexe posttraumatische Belastungsstörung</marc:subfield>
   </marc:datafield>
   <marc:datafield ind1=" " ind2=" " tag="653">
      <marc:subfield code="a">Jugend</marc:subfield>
   </marc:datafield>
   <marc:datafield ind1=" " ind2=" " tag="653">
      <marc:subfield code="a">Kinder- und Jugendpsychotherapeuten</marc:subfield>
   </marc:datafield>
   <marc:datafield ind1=" " ind2=" " tag="653">
      <marc:subfield code="a">Psychologen</marc:subfield>
   </marc:datafield>
   <marc:datafield ind1=" " ind2=" " tag="653">
      <marc:subfield code="a">Pädagogen</marc:subfield>
   </marc:datafield>
   <marc:datafield ind1=" " ind2=" " tag="653">
      <marc:subfield code="a">Psychiater</marc:subfield>
   </marc:datafield>
   <marc:datafield ind1=" " ind2=" " tag="653">
      <marc:subfield code="a">Traumatherapeuten</marc:subfield>
   </marc:datafield>
   <marc:datafield ind1=" " ind2=" " tag="653">
      <marc:subfield code="a">Psychoanalytiker</marc:subfield>
   </marc:datafield>
   <marc:datafield ind1=" " ind2=" " tag="653">
      <marc:subfield code="a">Erziehungsberatungsstellen</marc:subfield>
   </marc:datafield>
   <marc:datafield ind1=" " ind2=" " tag="653">
      <marc:subfield code="a">Jugendhilfeeinrichtungen</marc:subfield>
   </marc:datafield>
   <marc:datafield ind1=" " ind2=" " tag="653">
      <marc:subfield code="a">Lehrer</marc:subfield>
   </marc:datafield>
   <marc:datafield ind1=" " ind2=" " tag="653">
      <marc:subfield code="a">Adoleszenz</marc:subfield>
   </marc:datafield>
   <marc:datafield ind1=" " ind2=" " tag="653">
      <marc:subfield code="a">Alkoholmissbrauch</marc:subfield>
   </marc:datafield>
   <marc:datafield ind1=" " ind2=" " tag="653">
      <marc:subfield code="a">Bindungstraumata</marc:subfield>
   </marc:datafield>
   <marc:datafield ind1=" " ind2=" " tag="653">
      <marc:subfield code="a">Borderline-Persönlichkeitsstörung</marc:subfield>
   </marc:datafield>
   <marc:datafield ind1=" " ind2=" " tag="653">
      <marc:subfield code="a">Drogenmissbrauch</marc:subfield>
   </marc:datafield>
   <marc:datafield ind1=" " ind2=" " tag="653">
      <marc:subfield code="a">Entwicklung</marc:subfield>
   </marc:datafield>
   <marc:datafield ind1=" " ind2=" " tag="653">
      <marc:subfield code="a">Jugendliche</marc:subfield>
   </marc:datafield>
   <marc:datafield ind1=" " ind2=" " tag="653">
      <marc:subfield code="a">komplexe traumatische Belastungsstörung</marc:subfield>
   </marc:datafield>
   <marc:datafield ind1=" " ind2=" " tag="653">
      <marc:subfield code="a">maligne Verstrickungen</marc:subfield>
   </marc:datafield>
   <marc:datafield ind1=" " ind2=" " tag="653">
      <marc:subfield code="a">Mentalisierungsstörungen</marc:subfield>
   </marc:datafield>
   <marc:datafield ind1=" " ind2=" " tag="653">
      <marc:subfield code="a">Persönlichkeitsstörung</marc:subfield>
   </marc:datafield>
   <marc:datafield ind1=" " ind2=" " tag="653">
      <marc:subfield code="a">ritzen</marc:subfield>
   </marc:datafield>
   <marc:datafield ind1=" " ind2=" " tag="653">
      <marc:subfield code="a">selbstverletzendes Verhalten</marc:subfield>
   </marc:datafield>
   <marc:datafield ind1=" " ind2=" " tag="653">
      <marc:subfield code="a">Trauma</marc:subfield>
   </marc:datafield>
   <marc:datafield ind1=" " ind2=" " tag="653">
      <marc:subfield code="a">traumatische Re-Inszenierungen</marc:subfield>
   </marc:datafield>
   <marc:datafield ind1=" " ind2=" " tag="653">
      <marc:subfield code="a">Softcover / Medizin/Klinische Fächer</marc:subfield>
   </marc:datafield>
   <marc:datafield ind1="0" ind2="0" tag="245">
      <marc:subfield code="a">Trauma und Entwicklung</marc:subfield>
   </marc:datafield>
   <marc:datafield ind1="0" ind2="0" tag="245">
      <marc:subfield code="b">Adoleszenz - frühe Traumatisierungen und ihre Folgen ; mit 45 Tabellen</marc:subfield>
   </marc:datafield>
   <marc:datafield ind1="0" ind2="0" tag="245">
      <marc:subfield code="c">Annette Streeck-Fischer</marc:subfield>
   </marc:datafield>
   <marc:datafield ind1=" " ind2="1" tag="264">
      <marc:subfield code="a">Stuttgart</marc:subfield>
      <marc:subfield code="b">Schattauer</marc:subfield>
      <marc:subfield code="c">2014</marc:subfield>
   </marc:datafield>
   <marc:datafield ind1=" " ind2=" " tag="250">
      <marc:subfield code="a">2., überarb. Aufl.</marc:subfield>
   </marc:datafield>
   <marc:datafield ind1="1" ind2=" " tag="520">
      <marc:subfield code="a">Angaben aus der Verlagsmeldung

Trauma und Entwicklung : Adoleszenz – frühe Traumatisierungen und ihre Folgen / von Annette Streeck-Fischer

Wenn das Trauma anhält …
Sie schneiden sich, trinken Alkohol, greifen zu Drogen und destruktiven „Selbsthilfemaßnahmen“ – und machen die Therapeuten, die mit ihnen zu tun haben, rat- und hilflos.
Annette Streeck-Fischer vermittelt zu diesen Herausforderungen ihr auf langjährigen Erfahrungen basierendes Wissen. Als Psychoanalytikerin, Kinder- und Jugendpsychiaterin sowie Chefärztin einer auf Kinder und Jugendliche spezialisierten Klinikabteilung beschäftigt sie sich intensiv mit schwierigen Entwicklungsverläufen und der Behandlung komplex traumatisierter Jugendlicher. Prägnant, anschaulich, aber auch kritisch hinterfragend beleuchtet sie unter anderem folgende Problemstellungen:
- Wie unterscheiden sich noch normale von bereits pathologischen Adoleszenzverläufen, und welche neurobiologischen Umstrukturierungen liegen adoleszentem Risikoverhalten zugrunde?
- Welche psychischen, kognitiven und sensomotorischen Beeinträchtigungen manifestieren sich in der Adoleszenz aus frühen ungünstigen Entwicklungen, Bindungstraumata und Mentalisierungsstörungen?
- Was kennzeichnet die Psychopathologie von Traumatisierungen in der Entwicklung, und wie behandeln wir die wichtigsten Störungsbilder wie Borderline-Persönlichkeitsstörung und komplexe traumatische Belastungsstörung?
- Worauf ist bei der Behandlung Jugendlicher mit chronischen und komplexen Traumatisierungen besonders zu achten, und wie können therapeutische Probleme wie z.B. maligne Verstrickungen oder traumatische Re-Inszenierungen bewältigt werden?
„Trauma und Entwicklung“ ist ein hochaktuelles Praxisbuch, in das in der 2. Auflage die Ergebnisse einer klinisch evaluierten, randomisiert kontrollierten Therapiestudie eingeflossen sind: Die neuen Erkenntnisse rücken die Adoleszenz mit ihren spezifischen Problemstellungen an zentrale Stelle in ihrer Bedeutung für Psychiatrie, Psychoanalyse und Sozialarbeit.

KEYWORDS: Adoleszenz, Trauma, Entwicklung, Jugendliche, selbstverletzendes Verhalten, Persönlichkeitsstörung, ritzen, Drogenmissbrauch, Alkoholmissbrauch, Bindungstraumata, Mentalisierungsstörungen, Borderline-Persönlichkeitsstörung, komplexe traumatische Belastungsstörung, traumatische Re-Inszenierungen, maligne Verstrickungen
</marc:subfield>
   </marc:datafield>
   <marc:datafield ind1=" " ind2=" " tag="020">
      <marc:subfield code="a">9783794529803</marc:subfield>
      <marc:subfield code="9">9783794529803</marc:subfield>
   </marc:datafield>
   <marc:datafield ind1=" " ind2=" " tag="020">
      <marc:subfield code="a">3794529804</marc:subfield>
      <marc:subfield code="9">3794529804</marc:subfield>
   </marc:datafield>
   <marc:datafield ind1=" " ind2=" " tag="041">
      <marc:subfield code="a">ger</marc:subfield>
   </marc:datafield>
   <marc:datafield ind1=" " ind2=" " tag="300">
      <marc:subfield code="a">XIV, 352 S.</marc:subfield>
   </marc:datafield>
</marc:record>
